| 000 | 00818nac a22001931u 4500 | ||
|---|---|---|---|
| 020 | _a00000414 | ||
| 082 | _a363.706 | ||
| 090 |
_c3716 _d3716 |
||
| 100 | _a20080729 | ||
| 245 |
_aBiodiversity Conservation Capacity Building In Egypt / _cMinistry of State for Environmental Affairs. Nature Conservation Sector |
||
| 260 |
_aCairo: _bMinistry of State for Environmental Affairs. Nature Conservation Sector, 2006 _c2006 |
||
| 300 |
_a173 p. _bill; _c30 cm. |
||
| 500 | _aDonations - Mohamed Kassas | ||
| 650 | _aEnvironmental protection | ||
| 650 | _aBiodiversity Conservation | ||
| 650 | _aEnvironmental preservation | ||
| 942 |
_cBB _k363.706 |
||
| 999 |
_c3716 _d3716 |
||